Orders appointed by His Maiestie to be straightly obserued, for the preuenting and remedying of the dearth of graine and victuall.

Bibliographic Details
Corporate Author: England and Wales. Sovereign (1603-1625 : James I)
Other Authors: James I, King of England, 1566-1625
Format: eBook
Language:English
Published: Imprinted at London : By Bonham Norton, and Iohn Bill ..., 1622.
Series:Making of the modern world (Goldsmiths'-Kress Library of Economic Literature)
Subjects:
Online Access:Connect to the full text of this electronic book

MARC

Tag First Indicator Second Indicator Subfields
LEADER 00000cam a2200000La 4500
001 in00002306708
005 20190326195123.0
006 m | d |
007 cr |n||||||||n
008 870401s1622 xx s f000 0 eng d
040 |a GKS  |c GKS  |d OCL  |d Thomson Gale  |d UtOrBLW 
043 |a e-uk--- 
110 1 |a England and Wales.  |b Sovereign (1603-1625 : James I) 
245 1 0 |a Orders appointed by His Maiestie to be straightly obserued, for the preuenting and remedying of the dearth of graine and victuall. 
264 1 |a Imprinted at London :  |b By Bonham Norton, and Iohn Bill ...,  |c 1622. 
300 |a 26 pages 
336 |a text  |b txt  |2 rdacontent 
337 |a computer  |b c  |2 rdamedia 
338 |a online resource  |b cr  |2 rdacarrier 
500 |a Reproduction of original from Goldsmiths' Library, University of London. 
500 |a Goldsmiths'-Kress number 00511. 
510 4 |a STC,  |c 9218. 
510 4 |a OCLC,  |c 20888129 
533 |a Electronic reproduction.  |b Farmington Hills, Mich. :  |c Thomson Gale,  |d 2005.  |f (The making of the modern world).  |n Available via the World Wide Web.  |n Access limited to licensing agreements.  |7 s2005 miunns 
500 |a Electronic resource. 
650 0 |a Food supply  |z Great Britain  |v Early works to 1800. 
650 0 |a Food law and legislation  |z Great Britain  |v Early works to 1800. 
655 0 |a Electronic books. 
700 0 |a James  |b I,  |c King of England,  |d 1566-1625. 
830 0 |a Making of the modern world (Goldsmiths'-Kress Library of Economic Literature) 
856 4 0 |u http://proxy.library.tamu.edu/login?url=http://galenet.galegroup.com/servlet/MOME?af=RN&ae=U100104419&srchtp=a&ste=14&locID=txshracd2898  |z Connect to the full text of this electronic book  |t 0 
999 |a MARS 
999 f f |s 0dc996ca-f805-3bdf-80c4-38033107d101  |i f2907b39-acd2-39ed-b83f-8c6876e4a40f  |t 0 
952 f f |a Texas A&M University  |b College Station  |c Electronic Resources  |d Available Online  |t 0  |h No information provided 
998 f f |t 0  |l Available Online